00912nam a2200217Ia 4500003000900000008004100009020001800050040001600068080002200084111008800106245022700194260006100421300001600482490003400498650002200532650001900554700002600573700002300599700002600622710004600648IN-BaIIA211028s9999 xx 000 0 eng d a1-58381-152-4 cIIA Library a082.2:52bASP-303 aEuroconference on Symbiotic Stars Probing Stellar EvolutioncSpaind2002 May. 27-31 0aSymbiotic stars probing stellar evolutionbproceedings of the euroconference held in La, Palma, Spain, 27-31 May 2002cedited by R. L. M. Corradi, J. Mikolajewska and T. J. Mahoney  aSan FranciscobAstronomical Society of the Pacificc2003 axxii, 564p. aASP conference series; v. 303 aStars - evolution aSymbolic stars aCorradi,R. L. M., ed. aMahoney,T. J., ed. aMikolajewska, J., ed. aAstronomical Society of the Pacific